Surgical skills on internal iliac artery ligation for controlling postpartum and pelvic hemorrhage (Record no. 32796)

MARC details
000 -LEADER
fixed length control field 00694nam a2200157 a 4500
008 - FIXED-LENGTH DATA ELEMENTS--GENERAL INFORMATION
fixed length control field 170517s2015 ||||||||||||||||| || u
020 ## - INTERNATIONAL STANDARD BOOK NUMBER
International Standard Book Number 9789350253786
050 ## - LIBRARY OF CONGRESS CALL NUMBER
Classification number RD 540 Sap
100 ## - MAIN ENTRY--PERSONAL NAME
Personal name Sapkal, Rekha
245 10 - TITLE STATEMENT
Title Surgical skills on internal iliac artery ligation for controlling postpartum and pelvic hemorrhage
Statement of responsibility, etc. By Rekha Sapkal
260 ## - PUBLICATION, DISTRIBUTION, ETC.
Place of publication, distribution, etc. New Delhi:
Name of publisher, distributor, etc. Jaypee Brothers Medical publishers
Date of publication, distribution, etc. 2015
300 ## - PHYSICAL DESCRIPTION
Extent xxi, 132p.: ill.
350 ## -
-- 36.00
650 ## - SUBJECT ADDED ENTRY--TOPICAL TERM
Topical term or geographic name entry element SURGICAL PROCEDURES, OPERATIVE--METHODS
995 ## -
-- MEDICAL LIBRARY OPEN ACCESS
-- 903958
-- CBU-SCHOOL OF MEDICINE LIBRARY (Ndola)
-- 36.00
-- RD 540 Sap
-- 1
-- AVAILABLE
-- May 17, 2017
-- 903958
-- Medical Library Open Access Collection
999 ## -
-- 32796
-- 32796
Holdings
Withdrawn status Lost status Source of classification or shelving scheme Damaged status Not for loan Permanent Location Current Location Shelving location Date acquired Total Checkouts Full call number Barcode Date last seen Price effective from Koha item type
          CBU-SCHOOL OF MEDICINE LIBRARY, NDOLA. CBU-SCHOOL OF MEDICINE LIBRARY, NDOLA.   11/30/2022   RD 540 Sap 903958 11/30/2022 11/30/2022 MONOGRAPH